000
00298nam a2200109Ia 4500
008
190216s9999||||xx |||||||||||||| ||und||
100
_a
Punithavathy Pandian
245
0
_a
Security Analysis And Portfoli0 Management
260
_b
"Social Science Press, New Delhi"
_c
2001
300
_a
459p
942
_c
BK
999
_c
7266
_d
7266